00330nam a2200145Ia 4500003000900000008004100009040001300050040001300063100002500076245002800101260002300129300000800152490000600160700001800166IT-RoPAU120407s9999 xx 000 0 und d aIT-RoPAU cIT-RoPAU aRaniero Cantalamessa aIl soffio dello Spirito aSan Paolo Edizioni c cm v1 aSaverio Gaeta